Soils and Foundations/ (Record no. 12864)
[ view plain ]
| 000 -LEADER | |
|---|---|
| fixed length control field | 01336cam a2200289 a 4500 |
| 001 - CONTROL NUMBER | |
| control field | 13234135 |
| 005 - DATE AND TIME OF LATEST TRANSACTION | |
| control field | 20031216181448.0 |
| 008 - FIXED-LENGTH DATA ELEMENTS--GENERAL INFORMATION | |
| fixed length control field | 030611s2004 njua b 001 0 eng |
| 010 ## - LIBRARY OF CONGRESS CONTROL NUMBER | |
| LC control number | 2003013177 |
| 020 ## - INTERNATIONAL STANDARD BOOK NUMBER | |
| International Standard Book Number | 0131973088 |
| 040 ## - CATALOGING SOURCE | |
| Original cataloging agency | DLC |
| Transcribing agency | DLC |
| Modifying agency | DLC |
| 050 00 - LIBRARY OF CONGRESS CALL NUMBER | |
| Classification number | TA710 |
| Item number | .L545 2004 |
| 082 00 - DEWEY DECIMAL CLASSIFICATION NUMBER | |
| Classification number | 624.15136 |
| Edition number | 22 |
| Item number | LIU |
| 100 1# - MAIN ENTRY--PERSONAL NAME | |
| Personal name | Liu, Cheng, |
| Dates associated with a name | 1937- |
| 9 (RLIN) | 9143 |
| 245 10 - TITLE STATEMENT | |
| Title | Soils and Foundations/ |
| Statement of responsibility, etc | Cheng Liu, Jack B. Evett; SI Conversion by Nurly Gofar |
| 260 ## - PUBLICATION, DISTRIBUTION, ETC. (IMPRINT) | |
| Place of publication, distribution, etc | Upper Saddle River, N.J. : |
| Name of publisher, distributor, etc | Pearson Prentice Hall, |
| Date of publication, distribution, etc | c2004. |
| 300 ## - PHYSICAL DESCRIPTION | |
| Extent | x, 486 p. : |
| Other physical details | ill. ; |
| Dimensions | 24 cm. |
| 504 ## - BIBLIOGRAPHY, ETC. NOTE | |
| Bibliography, etc | Includes bibliographical references (p. 477-480) and index. |
| 650 #0 - SUBJECT ADDED ENTRY--TOPICAL TERM | |
| Topical term or geographic name as entry element | Soil mechanics. |
| 9 (RLIN) | 9144 |
| 650 #0 - SUBJECT ADDED ENTRY--TOPICAL TERM | |
| Topical term or geographic name as entry element | Foundations. |
| 9 (RLIN) | 9145 |
| 700 1# - ADDED ENTRY--PERSONAL NAME | |
| Personal name | Evett, Jack B., |
| Dates associated with a name | 1942- |
| 9 (RLIN) | 9146 |
| 856 41 - ELECTRONIC LOCATION AND ACCESS | |
| Materials specified | Table of contents |
| Uniform Resource Identifier | <a href="http://www.loc.gov/catdir/toc/ecip045/2003013177.html">http://www.loc.gov/catdir/toc/ecip045/2003013177.html</a> |
| 942 ## - ADDED ENTRY ELEMENTS (KOHA) | |
| Source of classification or shelving scheme | Dewey Decimal Classification |
| Item type | Book - Borrowing |
| Withdrawn status | Item status | Source of classification or shelving scheme | Damaged status | Not for loan | Vendor | Home library | Current library | Shelving location | Date acquired | Source of acquisition | Total Checkouts | Total Renewals | Full call number | Barcode | Date last seen | Date last borrowed | Koha item type |
|---|---|---|---|---|---|---|---|---|---|---|---|---|---|---|---|---|---|
| Dewey Decimal Classification | Baccah | Central Library | Central Library | First floor | 04/11/2009 | 3 | 1 | 624.15136 LIU | 000018764 | 15/07/2025 | 25/11/2018 | Book - Borrowing | |||||
| Dewey Decimal Classification | Baccah | Central Library | Central Library | First floor | 04/11/2009 | 624.15136 LIU | 000018765 | 15/07/2025 | NB - Book (Non borrowing) |